000 00678cam a2200241 i 4500
001 4663585
003 OSt
005 20180116183025.0
008 801003s1981 nyu 000 1 eng
010 _a 80025172
020 _a0698110749
040 _aDLC
_cDLC
_dDLC
050 0 0 _aPR9619.3.G654
_bI5 1981
082 0 0 _a813.54 GRA 1982
_219
100 1 _aGrant, Maxwell.
245 1 0 _aInherit the sun
_cMaxwell Grant.
260 _aNew York :
_bCoward, McCann & Geoghegan,
_cc1981.
300 _a438 p. ;
_c24 cm.
440 _aInherit the sun
650 0 _aAboriginal Australians
_vFiction.
906 _a7
_bcbc
_corignew
_du
_eocip
_f19
_gy-gencatlg
942 _2ddc
_cBK
999 _c350749
_d350749